Crossword - "A" Words - Statistics

General Stats
  • This quiz has been taken 9,690 times
  • The average score is 20 of 30
Answer Stats
A/D Clue Answer % Correct
9. Across Perform in a film (3) Act
94%
20. Down Uncle's partner (4) Aunt
94%
17. Across Found in a gallery (3) Art
93%
24. Across Spanish friend (5) Amigo
92%
18. Across Also (3) And
91%
1. Across Snake (8) Anaconda
90%
22. Across Once every year (6) Annual
88%
14. Down Guacamole fruit (7) Avocado
87%
10. Down Playing card (3) Ace
86%
6. Down Mix of gases that we breathe (3) Air
85%
25. Across Primate (3) Ape
85%
21. Down Girl's name (4) Anna
80%
23. Across Star Wars character (6) Anakin
74%
19. Down "Opposite of" prefix (4) Anti
72%
5. Down Large artery (5) Aorta
71%
15. Down Turkish capital (6) Ankara
70%
13. Down How high something is (8) Altitude
63%
11. Across Island chain (11) Archipelago
62%
12. Down First animal of the dictionary (8) Aardvark
61%
3. Down Deer-like mammal (8) Antelope
60%
8. Across Brain disease (10) Alzheimer's
58%
1. Down Seabird (9) Albatross
54%
16. Across Kept away from (7) Avoided
54%
7. Across Commotion (3) Ado
50%
4. Across Another snake (5) Adder
35%
20. Across Determined or firm (7) Adamant
33%
Mystery Word Arriving
31%
7. Down Region of Spain (6) Aragon
29%
2. Down Large Brazilian state (8) Amazonas
23%
4. Down Very bad (7) Abysmal
18%
No matching quizzes found
Score Distribution
Percent of People with Each Score
Percentile by Number Answered
Your Score History
You have not taken this quiz